<?xml version="1.0" encoding="UTF-8"?>
<collection xmlns="http://www.loc.gov/MARC21/slim">
  <record>
    <leader>00000nam  2200000   4500</leader>
    <controlfield tag="001">INLIS000000000002925</controlfield>
    <controlfield tag="005">20180724151000</controlfield>
    <controlfield tag="008">180724|||||||||   |   |||   |||| ||   | </controlfield>
    <datafield tag="020" ind1=" " ind2=" ">
      <subfield code="a">9794164822</subfield>
    </datafield>
    <datafield tag="035" ind1=" " ind2=" ">
      <subfield code="0">010-0718002925</subfield>
    </datafield>
    <datafield tag="041" ind1=" " ind2=" ">
      <subfield code="a">id</subfield>
    </datafield>
    <datafield tag="082" ind1=" " ind2=" ">
      <subfield code="a">920</subfield>
    </datafield>
    <datafield tag="090" ind1=" " ind2=" ">
      <subfield code="a">920 Moe a</subfield>
    </datafield>
    <datafield tag="100" ind1=" " ind2=" ">
      <subfield code="a">Said, Sri Moerni Ali</subfield>
    </datafield>
    <datafield tag="245" ind1=" " ind2=" ">
      <subfield code="a">Ali Said Di Antara Sahabat</subfield>
    </datafield>
    <datafield tag="250" ind1=" " ind2=" ">
      <subfield code="a">Ed. 1</subfield>
    </datafield>
    <datafield tag="260" ind1=" " ind2=" ">
      <subfield code="a">Jakarta</subfield>
      <subfield code="b">Pustaka Sinar Harapan</subfield>
      <subfield code="c">1997</subfield>
    </datafield>
    <datafield tag="300" ind1=" " ind2=" ">
      <subfield code="a">xx; 399 hlm.; ilus; 21 cm.</subfield>
    </datafield>
    <datafield tag="500" ind1=" " ind2=" ">
      <subfield code="a">Buku ini merupakan biografi dari Ali Said, putra Indonesia kelahiran Magelang, Jawa Tengah, 12 Juni 1927, yang memangku jabatan petinggi hukum secara paripurna, yaitu sebagai Jaksa Agung RI (1972-1981), Menteri Kehakiman (1981-1984), dan Ketua Mahkamah Agung (1984-1992). Di saat masyarakat Indonesia mendambakan perlindungan atas hak asasi manusia (HAM), Ali Said tampil sebagai pendekarnya, Ketua Komnas HAM. Perjuangannya, ditutupnya dengan manis. Komnas HAM mendapat hati di kalangan masyarakat Indonesia.</subfield>
    </datafield>
    <datafield tag="650" ind1=" " ind2=" ">
      <subfield code="a">Biografi -- Ali Said</subfield>
    </datafield>
  </record>
</collection>
